Hotel and Motel management and operations
| Main Author: | |
|---|---|
| Other Authors: | |
| Format: | Book |
| Published: |
Englewood Cliffs, N.J. :
Prentice hall ,
1980
|
| Subjects: |
MARC
| LEADER | 00000cam a2200000 7i4500 | ||
|---|---|---|---|
| 001 | 0000005503 | ||
| 005 | 20050503.0 | ||
| 020 | |a 0133949087 | ||
| 040 | |a INS | ||
| 090 | 0 | 0 | |a TX911.3.M27 |b G72 1980 |
| 100 | 1 | |a Gray, William S. | |
| 245 | 1 | 0 | |a Hotel and Motel management and operations |c William S. Gray |
| 260 | |a Englewood Cliffs, N.J. : |b Prentice hall , |c 1980 | ||
| 300 | |a xviii, 360p : |b ill ; |c 24 cm. | ||
| 650 | 0 | 0 | |a Hotel Management |
| 650 | 0 | 0 | |a Motel Management |
| 700 | 1 | |a Liguori, Salvatore C. | |
| 999 | |a 0000000138 |b BOOK |c Open Shelf |e Default branch | ||